Mořský vlk a jiné příběhy z moře /
Na minha lista:
| Autor principal: | |
|---|---|
| Outros Autores: | , |
| Formato: | Livro |
| Idioma: | tcheco |
| Publicado em: |
Praha;
Nakladatelství Svoboda
1989
|
| Edição: | 1. vydanie |
| Tags: |
Sem tags, seja o primeiro a adicionar uma tag!
|
MARC
| LEADER | 00000nam a22000003a 4500 | ||
|---|---|---|---|
| 001 | 0103150 | ||
| 003 | SK-STU | ||
| 005 | 20230704093604.7 | ||
| 007 | ta | ||
| 008 | 230704s ----xo-----e------000-0-----d | ||
| 020 | |a 80-205-0062-6 | ||
| 040 | |a STU |b slo | ||
| 041 | 0 | |a cze | |
| 044 | |a xr | ||
| 100 | 1 | |a LONDON, Jack |4 aut | |
| 245 | 1 | 0 | |a Mořský vlk a jiné příběhy z moře / |c aut. Jack LONDON ; prekl. Eva MASNEROVÁ, Vladimír SVOBODA |
| 250 | |a 1. vydanie | ||
| 260 | |a Praha; |b Nakladatelství Svoboda |c 1989 | ||
| 300 | |a 352 strán | ||
| 700 | 1 | |a MASNEROVÁ, Eva |4 trl | |
| 700 | 1 | |a SVOBODA, Vladimír |4 trl | |
| 996 | |c I* 4SOA13993 |l I |s A |a 24 |w 0103150_0001 | ||